Rapport au Conseil Supérieur de Santé sur le choréra-morbus pestilentiel (Record no. 160161)
[ view plain ]
| 000 -LEADER | |
|---|---|
| campo de control de longitud fija | 00942nam a22002055i 4500 |
| 001 - NÚMERO DE CONTROL | |
| campo de control | 160161 |
| 003 - IDENTIFICADOR DE NÚMERO DE CONTROL | |
| campo de control | ES-MaACL |
| 005 - FECHA Y HORA DE LA ÚLTIMA TRANSACCIÓN | |
| campo de control | 20251014063232.0 |
| 008 - DATOS DE LONGITUD FIJA--INFORMACIÓN GENERAL | |
| campo de control de longitud fija | 980915s1831 fr b |||| | fre d |
| 040 ## - FUENTE DE CATALOGACIÓN | |
| Centro catalogador/agencia de origen | BA |
| Lengua de catalogación | spa |
| Centro/agencia transcriptor | BA |
| 100 1# - ENTRADA PRINCIPAL--NOMBRE DE PERSONA | |
| Nombre de persona | Moreau de Jonnès, Alexandre, |
| Fechas asociadas al nombre | 1776-1870 |
| 9 (RLIN) | 130151 |
| 245 10 - MENCIÓN DEL TÍTULO | |
| Título | Rapport au Conseil Supérieur de Santé sur le choréra-morbus pestilentiel |
| Resto del título | : les caractères et phénomènes pathologiques de cette maladie ... / |
| Mención de responsabilidad, etc. | par Alex. Moreau de Jonnès ... |
| 260 ## - PUBLICACIÓN, DISTRIBUCIÓN, ETC. | |
| Lugar de publicación, distribución, etc. | Paris, |
| Fecha de publicación, distribución, etc. | 1831 ( |
| Fabricante | Imprimerie de Cosson) |
| 300 ## - DESCRIPCIÓN FÍSICA | |
| Extensión | [2], VII, [2], 356, [2] p., 1 h. de grab. : |
| Otras características físicas | il. ; |
| Dimensiones | 22 cm. |
| 596 ## - NOTA AL PIE DE IMPRENTA | |
| NOTA AL PIE DE IMPRENTA | En verso de antep.:"chez l'Auteur, Treuttel et Wurtz, Rey et Gravier, Renard" |
| 599 ## - NOTA A LAS ILUSTRACIONES | |
| NOTA A LAS ILUSTRACIONES | La h. de grab. és un mapa pleg. xil. |
| 650 #7 - PUNTO DE ACCESO ADICIONAL DE MATERIA--TÉRMINO DE MATERIA | |
| Término de materia o nombre geográfico como elemento de entrada | Cólera |
| Fuente del encabezamiento o término | embne |
| 9 (RLIN) | 11143 |
| 852 ## - LOCALIZACIÓN | |
| Ubicación | ES-MaACL |
| Número de control de estantería | T-495-F-1 |
| Nota libre | -- Enc. hol. |
| condición física | -- Falto de la cub. original |
| Nota libre | -- Enc. en un vol. facticio |
| Estatus retirado | Estado de pérdida | Estado de daño | No para préstamo | Colección | Biblioteca de origen | Biblioteca actual | Ubicación en estantería | Fecha de adquisición | Total de préstamos | Signatura topográfica completa | Código de barras | Visto por última vez | Precio de reemplazo | Tipo de ítem Koha |
|---|---|---|---|---|---|---|---|---|---|---|---|---|---|---|
| Colección de folletos | Biblioteca del Ateneo de Madrid | Biblioteca del Ateneo de Madrid | Depósito folletos | 17/01/2008 | T-495-F-1 | 1167679 | 23/02/2023 | 23/02/2023 | Folleto |
